<?xml version="1.0" encoding="UTF-8"?>
<record
    xmlns:xsi="http://www.w3.org/2001/XMLSchema-instance"
    xsi:schemaLocation="http://www.loc.gov/MARC21/slim http://www.loc.gov/standards/marcxml/schema/MARC21slim.xsd"
    xmlns="http://www.loc.gov/MARC21/slim">

  <leader>02425nam a2200385 i 4500</leader>
  <controlfield tag="001">000048207</controlfield>
  <controlfield tag="003">DO-SdBNP</controlfield>
  <controlfield tag="005">20240507154744.0</controlfield>
  <controlfield tag="007">ta</controlfield>
  <controlfield tag="008">081201t2015    dr abd        001 0 spa d</controlfield>
  <datafield tag="020" ind1=" " ind2=" ">
    <subfield code="a">9993423602</subfield>
  </datafield>
  <datafield tag="020" ind1=" " ind2=" ">
    <subfield code="a">9789945457506 (v.1)</subfield>
  </datafield>
  <datafield tag="040" ind1=" " ind2=" ">
    <subfield code="a">DO-SdBNP</subfield>
    <subfield code="b">spa</subfield>
    <subfield code="c">BNPHU</subfield>
    <subfield code="e">rda</subfield>
  </datafield>
  <datafield tag="082" ind1=" " ind2="4">
    <subfield code="a">557.293</subfield>
    <subfield code="b">G112s, 2015</subfield>
    <subfield code="2">22</subfield>
  </datafield>
  <datafield tag="100" ind1="1" ind2=" ">
    <subfield code="a">Gabb, Williams M.,</subfield>
    <subfield code="d">1839-1878</subfield>
    <subfield code="9">1740</subfield>
    <subfield code="e">autor</subfield>
  </datafield>
  <datafield tag="240" ind1="1" ind2="0">
    <subfield code="a">On the topography and geology of Santo Domingo.</subfield>
    <subfield code="l">Espa&#xF1;ol</subfield>
  </datafield>
  <datafield tag="245" ind1="1" ind2="0">
    <subfield code="a">Sobre la topograf&#xED;a y geolog&#xED;a de Santo Domingo :</subfield>
    <subfield code="b">extracto de las memorias de la Sociedad Filos&#xF3;fica Americana /</subfield>
    <subfield code="c">Williams M. Gabb ; presentaci&#xF3;n y revisi&#xF3;n t&#xE9;cnica, Romeo A. Llin&#xE1;s ; traducci&#xF3;n, Ram&#xF3;n Cedano Melo.</subfield>
  </datafield>
  <datafield tag="250" ind1=" " ind2=" ">
    <subfield code="a">tercera edici&#xF3;n</subfield>
  </datafield>
  <datafield tag="264" ind1=" " ind2=" ">
    <subfield code="a">Santo Domingo :</subfield>
    <subfield code="b">Sociedad Dominicana de Bibli&#xF3;filos,</subfield>
    <subfield code="c">2015.</subfield>
  </datafield>
  <datafield tag="300" ind1=" " ind2=" ">
    <subfield code="a">volumen :</subfield>
    <subfield code="b">ilustraciones, mapa, di&#xE1;gramas ;</subfield>
    <subfield code="c">23 cm.</subfield>
  </datafield>
  <datafield tag="336" ind1=" " ind2=" ">
    <subfield code="2">rdacontent</subfield>
    <subfield code="a">texto</subfield>
    <subfield code="b">txt</subfield>
  </datafield>
  <datafield tag="337" ind1=" " ind2=" ">
    <subfield code="2">rdamedia</subfield>
    <subfield code="a">sin mediaci&#xF3;n</subfield>
    <subfield code="b">n</subfield>
  </datafield>
  <datafield tag="338" ind1=" " ind2=" ">
    <subfield code="2">rdacarrier</subfield>
    <subfield code="a">volumen</subfield>
    <subfield code="b">nc</subfield>
  </datafield>
  <datafield tag="490" ind1=" " ind2=" ">
    <subfield code="a">Cl&#xE1;sicos bibli&#xF3;filos</subfield>
    <subfield code="v">10</subfield>
  </datafield>
  <datafield tag="500" ind1=" " ind2=" ">
    <subfield code="a">Extracto de las memorias de la Sociedad Filos&#xF3;fica Americana</subfield>
  </datafield>
  <datafield tag="500" ind1=" " ind2=" ">
    <subfield code="a">Incluye referencias bibliogr&#xE1;ficas y notas al pie de p&#xE1;ginas e &#xED;ndice</subfield>
  </datafield>
  <datafield tag="505" ind1="0" ind2=" ">
    <subfield code="a">Art&#xED;culo. IV. Sobre la topograf&#xED;a y geolog&#xED;a de Santo Domingo (le&#xED;do ante la Sociedad Filos&#xF3;fica Americana, 18 de octubre de 1872) :</subfield>
    <subfield code="g">Parte I--</subfield>
    <subfield code="t">Descripci&#xF3;n topogr&#xE1;fica :</subfield>
    <subfield code="t">Topograf&#xED;a de la Cordillera Central --</subfield>
    <subfield code="t">Topograf&#xED;a de la regi&#xF3;n al norte de la Cordillera Central --</subfield>
    <subfield code="t">Topograf&#xED;a de la regi&#xF3;n al sur de la Cordillera Central --</subfield>
    <subfield code="g">Parte II--</subfield>
    <subfield code="t">Formaciones geol&#xF3;gicas:</subfield>
    <subfield code="t">El grupo sierra --</subfield>
    <subfield code="t">Rocas intrusivas --</subfield>
    <subfield code="t">El mioceno --</subfield>
    <subfield code="t">Post-plioceno o formaci&#xF3;n costera --</subfield>
    <subfield code="g">Parte III--</subfield>
    <subfield code="t">Geolog&#xED;a local :</subfield>
    <subfield code="t">Geolog&#xED;a de la Cordillera Central --</subfield>
    <subfield code="t">Geolog&#xED;a de los valles y estribaciones norte de la Cordillera Central --</subfield>
    <subfield code="t">Geolog&#xED;a de la Sierra de Monte Cristi --</subfield>
    <subfield code="t">Geolog&#xED;a de Saman&#xE1; --</subfield>
    <subfield code="t">Geolog&#xED;a de la regi&#xF3;n al sur de la Cordillera Central --</subfield>
    <subfield code="g">Parte IV--</subfield>
    <subfield code="t">Paleontolog&#xED;a--</subfield>
    <subfield code="t">Cat&#xE1;logo descriptivo de los mol&#xFA;scos f&#xF3;siles --</subfield>
    <subfield code="t">Referencias.</subfield>
  </datafield>
  <datafield tag="590" ind1=" " ind2=" ">
    <subfield code="a">Inventariado, 2019/VM</subfield>
  </datafield>
  <datafield tag="650" ind1=" " ind2="4">
    <subfield code="a">Paleontolog&#xED;a</subfield>
    <subfield code="z">Rep&#xFA;blica Dominicana</subfield>
    <subfield code="9">44632</subfield>
  </datafield>
  <datafield tag="650" ind1=" " ind2="4">
    <subfield code="a">Geolog&#xED;a</subfield>
    <subfield code="z">Rep&#xFA;blica Dominicana</subfield>
    <subfield code="9">1742</subfield>
  </datafield>
  <datafield tag="700" ind1="1" ind2=" ">
    <subfield code="a">Llin&#xE1;s, Romeo A.,</subfield>
    <subfield code="e">pr&#xF3;logo</subfield>
    <subfield code="9">1745</subfield>
  </datafield>
  <datafield tag="700" ind1="1" ind2=" ">
    <subfield code="a">Cedano Melo, Ram&#xF3;n,</subfield>
    <subfield code="e">traductor</subfield>
    <subfield code="9">1744</subfield>
  </datafield>
  <datafield tag="910" ind1=" " ind2=" ">
    <subfield code="a">Validado. Control de calidad MFF</subfield>
  </datafield>
  <datafield tag="942" ind1=" " ind2=" ">
    <subfield code="2">ddc</subfield>
    <subfield code="c">LBS1</subfield>
  </datafield>
  <datafield tag="952" ind1=" " ind2=" ">
    <subfield code="0">0</subfield>
    <subfield code="1">0</subfield>
    <subfield code="2">ddc</subfield>
    <subfield code="5">1</subfield>
    <subfield code="7">0</subfield>
    <subfield code="8">PD</subfield>
    <subfield code="a">BNPHU</subfield>
    <subfield code="b">BNPHU</subfield>
    <subfield code="c">HD</subfield>
    <subfield code="d">2018-12-05</subfield>
    <subfield code="l">0</subfield>
    <subfield code="o">BNPHU PD 557.293 G112s, 2015</subfield>
    <subfield code="p">48207-10</subfield>
    <subfield code="r">2020-06-25</subfield>
    <subfield code="w">2020-06-25</subfield>
    <subfield code="y">LBS1</subfield>
    <subfield code="Z">No se presta</subfield>
  </datafield>
  <datafield tag="952" ind1=" " ind2=" ">
    <subfield code="0">0</subfield>
    <subfield code="1">0</subfield>
    <subfield code="2">ddc</subfield>
    <subfield code="5">1</subfield>
    <subfield code="7">0</subfield>
    <subfield code="8">PD</subfield>
    <subfield code="a">BNPHU</subfield>
    <subfield code="b">BNPHU</subfield>
    <subfield code="c">HD</subfield>
    <subfield code="d">2018-12-05</subfield>
    <subfield code="l">0</subfield>
    <subfield code="o">BNPHU PD 557.293 G112s, 2015</subfield>
    <subfield code="p">48207-20</subfield>
    <subfield code="r">2020-06-25</subfield>
    <subfield code="t">e. 2</subfield>
    <subfield code="w">2020-06-25</subfield>
    <subfield code="y">LBS1</subfield>
    <subfield code="Z">No se presta</subfield>
  </datafield>
  <datafield tag="952" ind1=" " ind2=" ">
    <subfield code="0">0</subfield>
    <subfield code="1">0</subfield>
    <subfield code="2">ddc</subfield>
    <subfield code="5">6</subfield>
    <subfield code="7">0</subfield>
    <subfield code="8">DS</subfield>
    <subfield code="a">BNPHU</subfield>
    <subfield code="b">BNPHU</subfield>
    <subfield code="c">HD</subfield>
    <subfield code="d">2018-12-05</subfield>
    <subfield code="l">0</subfield>
    <subfield code="o">BNPHU DS 557.293 G112s, 2015</subfield>
    <subfield code="p">48207-30</subfield>
    <subfield code="r">2020-06-25</subfield>
    <subfield code="t">e. 3</subfield>
    <subfield code="w">2020-06-25</subfield>
    <subfield code="y">LBS1</subfield>
    <subfield code="Z">Pr&#xE9;stamo en sala</subfield>
  </datafield>
  <datafield tag="952" ind1=" " ind2=" ">
    <subfield code="0">0</subfield>
    <subfield code="1">0</subfield>
    <subfield code="2">ddc</subfield>
    <subfield code="5">6</subfield>
    <subfield code="7">0</subfield>
    <subfield code="8">DS</subfield>
    <subfield code="a">BNPHU</subfield>
    <subfield code="b">BNPHU</subfield>
    <subfield code="c">HD</subfield>
    <subfield code="d">2024-05-07</subfield>
    <subfield code="e">Donaci&#xF3;n</subfield>
    <subfield code="l">0</subfield>
    <subfield code="o">BNPHU DS 557.293 G112s, 2015</subfield>
    <subfield code="p">2024-2826</subfield>
    <subfield code="r">2024-05-07</subfield>
    <subfield code="t">e.4</subfield>
    <subfield code="w">2024-05-07</subfield>
    <subfield code="y">LBS1</subfield>
    <subfield code="z">Perteneci&#xF3; a la biblioteca personal de Emilio Cordero Michel.</subfield>
  </datafield>
  <datafield tag="999" ind1=" " ind2=" ">
    <subfield code="c">47695</subfield>
    <subfield code="d">47695</subfield>
  </datafield>
</record>
